|
|
|
|
| LEADER |
00968cas a2200181 a 4500 |
| 001 |
AALConferenceProceedingsASME000151 |
| 008 |
230101c9999 xx r poo 0 0eng d |
| 020 |
|
|
|a 978-0-7918-8354-9
|
| 040 |
|
|
|a BD-DhAAL
|c BD-DhAAL
|
| 245 |
0 |
0 |
|h [electronic resource]
|a 2020 Design of Medical Devices Conference (DMD 2020)
|
| 260 |
|
|
|b ASME
|
| 300 |
|
|
|a 1 online resource
|
| 500 |
|
|
|a <strong>Off-Campus Access:</strong> Athens ID and Password Required
|
| 500 |
|
|
|a <strong>On-Campus Access:</strong> No User ID or Password Required
|
| 506 |
|
|
|a Electronic access restricted to authorized BRAC University faculty, staff and students
|
| 538 |
|
|
|a Mode of access: Internet
|
| 856 |
4 |
0 |
|z Full text available on ASME[2020-2020
|u https://proceedings.asmedigitalcollection.asme.org/BIOMED/DMD2020/volume/83549
|
| 856 |
4 |
0 |
|z Off-campus access
|u https://go.openathens.net/redirector/bracu.ac.bd?url=https%3A%2F%2Fproceedings.asmedigitalcollection.asme.org%2FBIOMED%2FDMD2020%2Fvolume%2F83549
|